000 00461nam a2200181 a 4500
001 5362
003 CO-ViMGA
008 141112s2004 ck r 000 u spa d
040 _aCO-ViMGA
_bspa
_cCO-ViMGA
082 0 4 _a862.5 Z677p
100 1 _aZorrilla, Jose
_94018
245 1 0 _aDon Juan tenorio
260 _aSantafé de Bogotá :
_bPanAméricana,
_c1995
300 _a178 p
590 _aEjemplares : 2
650 1 4 _aTEATRO ESPAÑOL
_94019
942 _2ddc
_cBK
999 _c17357
_d17357